China and the bomb

Salvato in:
Dettagli Bibliografici
Autore principale: Halperin, Morton H.
Natura: Libro
Lingua:Undetermined
Pubblicazione: New York Praeger 1965
Soggetti:
Tags: Aggiungi Tag
Nessun Tag, puoi essere il primo ad aggiungerne! !
Thư viện lưu trữ: Trung tâm Học liệu Trường Đại học Cần Thơ
LEADER 00467nam a2200181Ia 4500
001 CTU_89928
008 210402s9999 xx 000 0 und d
082 |a 327.51 
082 |b H195 
100 |a Halperin, Morton H. 
245 0 |a China and the bomb 
245 0 |c Morton H. Halperin 
260 |a New York 
260 |b Praeger 
260 |c 1965 
650 |a Nuclear warfare 
904 |i Bằng,Hải 
980 |a Trung tâm Học liệu Trường Đại học Cần Thơ